| 000 | 00553nam a2200205Ia 4500 | ||
|---|---|---|---|
| 005 | 20250326144156.0 | ||
| 008 | 250326s9999 xx 000 0 und d | ||
| 020 | _a978-1-56327-301-8 | ||
| 037 | _aTextbook | ||
| 040 |
_aFMSL _beng _cFMSL |
||
| 041 |
_aeng _2eng |
||
| 084 |
_aX:89Q P4 _qFMSL |
||
| 100 |
_aKeyte B _9748951 |
||
| 245 | 0 |
_aComplete lean enterprise _cKeyte B; Locher D |
|
| 260 |
_aNY _bNY, Productivity _c2004 |
||
| 300 | _a133p | ||
| 365 | _b1927.8363999999999 | ||
| 942 |
_cTB _hX:89Q P4 |
||
| 999 |
_c1302668 _d1302668 |
||